000 00392nam a2200157Ia 4500
005 20251024152616.0
008 251024s9999 xx 000 0 und d
020 _a9780333962114
082 _a300.1
_bPAR
100 _aParker, John
245 0 _aSocial Theory
_cParker, John
260 _bMacmillan Pub Limited
_c2003
300 _a239 pages
650 _aSocial Science
942 _cENGLISH
999 _c593382
_d593382